Indian economy. : (Record no. 1175)

MARC details
000 -LEADER
fixed length control field 00493cam a2200193ua 4500
001 - CONTROL NUMBER
control field 1274
005 - DATE AND TIME OF LATEST TRANSACTION
control field 20260515113316.0
008 - FIXED-LENGTH DATA ELEMENTS--GENERAL INFORMATION
fixed length control field 110624n ii |||gr||||Z||||||eng
040 ## - CATALOGING SOURCE
Transcribing agency MAIN
082 ## - DEWEY DECIMAL CLASSIFICATION NUMBER
Classification number 330.954
100 1# - MAIN ENTRY--PERSONAL NAME
Personal name Bhatia, H l.,
245 1# - TITLE STATEMENT
Title Indian economy. :
Remainder of title Issues and politics. /
Statement of responsibility, etc. By H L Bhatia.
250 ## - EDITION STATEMENT
Edition statement 1st.
260 ## - PUBLICATION, DISTRIBUTION, ETC.
Place of publication, distribution, etc. New Delhi.:
Name of publisher, distributor, etc. Vikash publishing.,988.
300 ## - PHYSICAL DESCRIPTION
Extent xiii, 751 p.:
Dimensions 20 cm.
653 ## - INDEX TERM--UNCONTROLLED
Uncontrolled term Economics.
653 ## - INDEX TERM--UNCONTROLLED
Uncontrolled term Indian economics.
942 ## - ADDED ENTRY ELEMENTS (KOHA)
Koha item type Books
Holdings
Withdrawn status Lost status Damaged status Not for loan Home library Current library Shelving location Date acquired Total checkouts Full call number Barcode Date last seen Copy number Price effective from Koha item type
        Naharkatiya College Library Naharkatiya College Library General stacks 09/19/2020   330.954 | BHA 2451 09/19/2020 1 09/19/2020 Books